Vplyv ľudskej práce na požadovaný výstup z pohľadu podniku a zákazníka

Uložené v:
Podrobná bibliografia
Hlavný autor: Sotáková, Kamila, 1996-
Médium: Kapitola
Jazyk:Slovak
Predmet:
Tagy: Pridať tag
Žiadne tagy, Buďte prvý, kto otaguje tento záznam!

MARC

LEADER 00000naa$a2200000$$$4500
001 0286298
005 20240502074415.1
041 0 |a slo 
044 |a SK 
245 1 0 |a Vplyv ľudskej práce na požadovaný výstup z pohľadu podniku a zákazníka  |c Kamila Sotáková 
500 |a abstrakt 
610 2 0 |a práca ľudská 
610 2 0 |a produktivita práce 
610 2 0 |a výkony pracovné 
610 2 0 |a podnik 
610 2 0 |a zákazníci 
100 1 |a Sotáková, Kamila, 1996-